000 00326nam a2200133Ia 4500
008 100328s9999 xx 000 0 und d
082 _b50796
100 _aतिबिले अनंत
245 _aशर्थ.
260 _bयुनिटी
630 _aशर्थ.
730 _aशर्थ.
942 _cBOOK
999 _c537871
_d537868